00522nam a2200169 450000500170000001000150001702000260003203500140005803700090007208200130008110000250009424500560011925000060017526000450018127001060022630000200033220250528125103.0 aENG-144983 a9789357049375c500.00 aEN-128515 bDBAD a158.121 aYadav, Santosh Kumar aHow to Win and be Influential/cSantosh Kumar Yadav a1 bBluerose Publishersc2023aUttar Pradesh mwww.bluerosepublishers.coma3rd Floor, Plot No, 1, F Block, Sector 6, Noida, bUttar Pradeshe201301 a118p.c23cm(hb)